000 00419nam a2200157 a 4500
005 20140412111408.0
008 110128s19uu xx 00 eng d
020 _a0-590-31510-2
050 _aTR(GS 372.414
_bB61 1998
100 _aBlevins, Wiley
245 _aPhonics from A to Z /
_cWiley Blevins.
260 _aU.S.A :
_bScholastic,
_c1998.
300 _a176p.
440 _aTeaching strategies
999 _c105594
_d105594